00550nam a2200205Ia 4500003000400000005001700004006001800021007000300039008004100042024001000083037001800093040001800111041001300129100001600142110006200158245003200220260000900252650002100261700006200282OSt20220930200000.0a|||||r|||| 00| 0ta220926b |||||||| |||| 00| 0 hin d a19773 cDissertations aCRLcCRLbhin 2hinahin aBhatti Arti aUniversity of Delhi. Faculty of Arts. Department of Hindi 0aSur ke kavya mein parvotsav c1993 aHINDI LITERATURE aUniversity of Delhi. Faculty of Arts. Department of Hindi